00451cam a22001577a 4500008004000000020001500040082001600055100001400071245007100085260002800156300001000184650002700194650002800221650001800249650002600267180718b2013 xxu||||| |||| 00| 0 eng d a0198081669 aC41x54 D26i aDas, S.K. aIndia's rights revolution : has it worked for the poorcby S.K.Das aNew DelhibOxfordc2013 a330p. aIndia -- Social policy aSocial justice -- India aPoor -- India aCivil rights -- India